1482 1046 1770 1562 1027 1463 1600 1223 1732 1323 1593 1348 1203 1603 1718 1030 1932 1966 1449 1041 1138 1753 1395 1147 1957 1411 1007 1825 1019 1511 1443 1938 1618 1076 1430 1544 1622 1307 1273 1144 1926 1780 1315 1144 1032 1071 1197 1851 1912 1884 1045 1910 1724 1685 1672 1227 1385 1532 1611 1034 1332 1119 1115 1345 1898 1368 1656 1611 1494 1377 1125 1764 1611 1210 1972 1866 1352 1834 1956 1494 1407 1797 1139 1443 1703 1801 1424 1338 1860 1256 1794 1135 1107 1614 1147 1917 1971 1618 1120 BCNSPRNW ULIB Ver.6.0+V

เปลี่ยนเป็นภาษาไทย

Change to English
 แสดงรายละเอียดบรรณานุกรม
  กลับหน้าหลัก

Brief Record : Get Marc (ISO 2709) : E-mail record : QR code < ปิดหน้าต่าง
LEADER : 00000nam 2200000uu 4500
001    13399126753
003     ULIB
008    190227s2560||||th 000 0 tha d
020    ^a9786168102190
060    ^aWM430.5^bพ621จ
100    ^aพาวเวลล์, เจมส์ เอ.
245    ^aจิตวิทยาครอบครัว FAMILY PSYCHOLOGY/^cพาวเวลล์, เจมส์ เอ.
250    ^aพิมพ์ครั้งที่ 1
260    ^aกรุงเทพฯ :^bไอดิ ออล ดิจิตอลพริ้นท์,^c2560
300    ^a365 หน้า:^bภาพประกอบ,^c19ซม.
650    ^aจิตวิทยาครอบครัว
650    ^aครอบครัว
945    ^p250^l0^i27127
945    ^p250^l0^i27125
945    ^p250^l0^i27126
945    ^p250^l0^i27124
945    ^p250^l0^i27123
999    ^aกัณชพร จุลอักษร
รายการนี้ยังไม่มีแท็ก
คุณยังไม่ได้ล็อกอิน คุณสามารถมีกิจกรรมร่วมกับเว็บไซต์ได้ แต่ต้องล็อกอินก่อน ::
  ล็อกอิน

รายการสื่อสารสนเทศ

ลำดับที่ ประเภท เลขเรียก/บาร์โค้ด สถานที่ สถานะ
1. หนังสือสำรอง
หนังสือสำรอง
WM430.5 พ621จ ฉ.1 
  Barcode: 27123
ห้องสมุดวิทยาเขตสวรรค์ประชารักษ์
►หนังสือทั่วไป
บนชั้น
2. วิทยาศาสตร์การแพทย์ และสุขภาพ
วิทยาศาสตร์การแพทย์ และสุขภาพ
WM430.5 พ621จ ฉ.2 
  Barcode: 27124
ห้องสมุดวิทยาเขตสวรรค์ประชารักษ์
►หนังสือทั่วไป
บนชั้น
3. วิทยาศาสตร์การแพทย์ และสุขภาพ
วิทยาศาสตร์การแพทย์ และสุขภาพ
WM430.5 พ621จ ฉ.3 
  Barcode: 27125
ห้องสมุดวิทยาเขตสวรรค์ประชารักษ์
►หนังสือทั่วไป
บนชั้น
4. วิทยาศาสตร์การแพทย์ และสุขภาพ
วิทยาศาสตร์การแพทย์ และสุขภาพ
WM430.5 พ621จ ฉ.4 
  Barcode: 27126
ห้องสมุดวิทยาเขตสวรรค์ประชารักษ์
►หนังสือทั่วไป
บนชั้น
5. วิทยาศาสตร์การแพทย์ และสุขภาพ
วิทยาศาสตร์การแพทย์ และสุขภาพ
WM430.5 พ621จ ฉ.5 
  Barcode: 27127
ห้องสมุดวิทยาเขตสวรรค์ประชารักษ์
►หนังสือทั่วไป
บนชั้น

รายการใกล้เคียง
    ผู้แต่ง [พาวเวลล์, เจมส์ เอ.]

    หัวเรื่อง [จิตวิทยาครอบครัว]
    หัวเรื่อง [ครอบครัว]

BibComment


ยังไม่เคยถูกคอมเมนท์

คอมเมนท์ทรัพยากรรายการนี้
  คอมเมนท์: จิตวิทยาครอบครัว..


 Copyright 2026. Bcnsprnw @Library